Gminy Powiatu Konińskiego - Statystyki

Ogólne statystyki
  • Ten quiz został rozwiązany 102 razy
  • Średni wynik to 8 z 14
Statystyki odpowiedzi
Hint Odpowiedź % Poprawnych
miejsko-wiejska Ślesin
83%
miejsko-wiejska Golina
74%
miejsko-wiejska Kleczew
72%
miejsko-wiejska Rychwał
68%
wiejska Stare Miasto
66%
wiejska Kramsk
64%
miejsko-wiejska Sompolno
62%
wiejska Kazimierz Biskupi
57%
wiejska Rzgów
57%
wiejska Skulsk
57%
wiejska Krzymów
51%
wiejska Wilczyn
40%
wiejska Wierzbinek
38%
wiejska Grodziec
36%
Nie znaleziono quizów pasujących do podanych kryteriów
Rozkład punktacji
Procent ludzi z każdym wynikiem
Percentyl według liczby udzielonych odpowiedzi
Twoja historia wyników
Nie rozwiązałeś tego quizu